000
00319nam a2200145Ia 4500
008
230718s9999 xx 000 0 und d
041
_a
Eng.
082
_a
343.06
_b
HIG-C
100
_a
Higgins, m
245
0
_a
Cybellage
260
_a
Pakistan
_b
Sydney new yelk
_c
2000
300
_a
237
650
_a
Law
999
_c
26845
_d
26845